000 01062cam a2200349 i 4500
001 0000509
003 DO-SdBNP
005 20240724101913.0
007 0000509
008 100514s2004 sp |||| 000 f spa
015 _a
017 _a
_b
020 _a8466312730
035 _a
040 _aBPMSU
_bspa
_cBPMSU
_e
080 _a
082 4 _a869.342
_bS243m 2004
_222
100 1 _aSaramago, José,
_d1922-2010
_946
245 1 0 _aManual de pintura y caligrafía /
_cJosé Saramago ; traducción Basilio Losada
_h
260 _aMadrid :
_bSantillana Ediciones Generales,
_c2004.
300 _a340 p.;
_c19 cm
490 0 _aPunto de lectura,
_v8 / 11
500 _aIncluye datos biográficos del autor.
534 _pTítulo original :
_tManual de pintura e caligrafía
_a
586 _aPremio Nobel de Literatura 1998.
590 _aInventariado, 2024/VM
650 4 _aNovela portuguesa
650 4 _aLiteratura portuguesa
700 1 _aLosada, Basilio,
_etraductor
910 _aVMateo V. Control de calidad. BPMSU
942 _2ddc
_cBK
999 _c10781
_d10781